Manual of graphic technique I for architect, graphic designer & artist

Bibliographic Details
Main Author: Porter, Tom
Other Authors: Goodman, Sue
Format: Book
Published: London : Butterworth Architecture , 1980
Subjects:

MARC

LEADER 00000cam a2200000 7i4500
001 0000003656
005 20050419.0
020 |a 0408500123 
040 |a INS 
090 0 0 |a NC1000.   |b P67 1980 
100 1 |a Porter, Tom 
245 1 0 |a Manual of graphic technique I for architect, graphic designer & artist   |c Tom Porter 
260 |a London :   |b Butterworth Architecture ,   |c 1980 
300 |a 128p 
650 0 0 |a Graphic arts 
700 1 |a Goodman, Sue 
999 |a 0000006144   |b BOOK   |c Open Shelf   |e Default branch